000 00791nas a2200265Ia 4500
001 A06/R060-31397
003 IT-MiCISF
008 161014c99999999xx |||||||||||| ||und||
040 _aIT-MiCISF
_cIT-MiCISF
041 _aITALIANO
100 _aRei Dario
210 _aAnimazione sociale
222 _aAnimazione sociale
245 0 _aGratuità come etica per il terzo settore
250 _a1a ed.
260 _c1999
501 _bCISF - Centro Internazionale Studi Famiglia - Via Giotto, 36 20145 MILANO (non commercial uses only)
_cCopyright 2016
300 _app. 19-26
362 _an. 12, dicembre [1999]
500 _a Tema: volontariato, etica, terzo-settore
650 _avolontariato
_varticolo
700 _aAA.VV.
942 _cCR
957 _71
999 _a31397
_bSi
_g1
_c228569
_d228569